[Event "3 for a win 1 for a draw"]
[Site "SchemingMind.com"]
[Date "2017.08.04"]
[Round "-"]
[White "grabapawn"]
[Black "kenneth m day"]
[Result "0-1"]
[WhiteCountry "USA"]
[BlackCountry "USA"]
[WhiteElo "1621"]
[WhiteRD "55"]
[BlackElo "1714"]
[BlackRD "60"]
[GameID "416999"]

1. e4 e5 2. d4 exd4 3. Nf3 Nc6 4. Bc4 d6 5. Nxd4 Nf6 6. Nc3 Be7 7. Be3 Nxd4 8. Bxd4 O-O 9. Qd3 c6 10. O-O-O a5
11. a3 b5 12. Ba2 Ba6 13. Qf3 b4 14. Ne2 c5 15. Bxf6 Bxf6 16. h4 bxa3 17. g4 axb2+ 18. Kb1 a4 19. g5 Be5 20. Nf4 a3
21. Rhg1 Qa5 22. h5 Qa4 23. g6 Bc4 24. gxh7+ Kxh7 25. Qg4 Bxa2+ 26. Kxa2 Qxe4 27. Ng6 Qxc2 28. Nxe5 b1=Q#
0-1

[Event "3 for a win 1 for a draw"]
[Site "SchemingMind.com"]
[Date "2017.08.04"]
[Round "-"]
[White "Wojtek26"]
[Black "grabapawn"]
[Result "0-1"]
[WhiteCountry "POL"]
[BlackCountry "USA"]
[WhiteElo "1596"]
[WhiteRD "45"]
[BlackElo "1621"]
[BlackRD "55"]
[GameID "417000"]

1. e4 c5 2. Bc4 g6 3. Nf3 Bg7 4. O-O Nc6 5. Nc3 Nf6 6. d3 O-O 7. h3 e6 8. a3 d5 9. exd5 exd5 10. Bb3 d4
11. Ne2 Nh5 12. Bg5 Bf6 13. Bh6 Ng7 14. Re1 Re8 15. Qd2 Nf5 16. Bf4 Nh4 17. Nxh4 Bxh4 18. c3 Be6 19. Bxe6 Rxe6 20. g3 Bf6
21. Bg5 Bxg5 22. Qxg5 Qxg5 23. Nf4 Rf6 24. h4 Qg4 25. Re4 g5 26. Nd5 Qf3 27. Nxf6+ Qxf6 28. Rae1 dxc3 29. bxc3 b5 30. hxg5 Qxg5
31. Kg2 f5 32. Re6 Rc8 33. f4 Qg7 34. d4 cxd4 35. cxd4 Nxd4 36. Re7 Rc2+ 37. Kf1 Qxg3 38. Re8+ Kg7 39. R1e7+ Kh6
0-1

[Event "3 for a win 1 for a draw"]
[Site "SchemingMind.com"]
[Date "2017.08.06"]
[Round "-"]
[White "Simon Green"]
[Black "Phillip Beckett"]
[Result "0-1"]
[WhiteCountry "ENG"]
[BlackCountry "ENG"]
[WhiteElo "1614"]
[WhiteRD "57"]
[BlackElo "1571"]
[BlackRD "56"]
[GameID "417069"]

1. d4 d5 2. e3 e6 3. Bd3 c5 4. c3 Nc6 5. f4 Nf6 6. Nf3 Bd6 7. O-O O-O 8. Nbd2 cxd4 9. cxd4 Bd7 10. Qe1 Nb4
11. Qe2 Nxd3 12. Qxd3 Qb6 13. Qb3 Qxb3 14. Nxb3 Rac8 15. Bd2 a6 16. Rac1 Rxc1 17. Rxc1 Rc8 18. Rxc8+ Bxc8 19. Kf2 Ne4+ 20. Ke2 Nxd2
21. Kxd2 b6 22. g4 Bb4+ 23. Kc2 Bd7 24. Ne5 Ba4 25. Nd3 Bxb3+ 26. axb3 Bd6 27. Kc3 g5 28. Ne5 Bxe5 29. fxe5 Kf8 30. Kd3 Ke7
31. e4 dxe4+ 32. Kxe4 h6 33. d5 exd5+ 34. Kxd5 Kd7 35. h3 a5 36. Ke4 Ke6 37. Kd4 b5 38. Kc5 Kxe5 39. Kxb5 f5 40. Kxa5 f4
0-1

[Event "3 for a win 1 for a draw"]
[Site "SchemingMind.com"]
[Date "2017.08.06"]
[Round "-"]
[White "kenneth m day"]
[Black "Simon Green"]
[Result "0-1"]
[WhiteCountry "USA"]
[BlackCountry "ENG"]
[WhiteElo "1703"]
[WhiteRD "62"]
[BlackElo "1571"]
[BlackRD "55"]
[GameID "417070"]

1. e4 e6 2. d4 d5 3. Nd2 Nf6 4. e5 Nfd7 5. Bd3 c5 6. c3 c4 7. Bc2 Nc6 8. Ndf3 Be7 9. Ne2 f5 10. exf6 Bxf6
11. Bf4 O-O 12. Qd2 e5 13. dxe5 Ndxe5 14. Ned4 Nxf3+ 15. Nxf3 Re8+ 16. Kf1 Bg4 17. Bd1 Bxf3 18. Bxf3 Qb6 19. Bxd5+ Kf8 20. Bxc4 Rad8
21. Qc2 g6 22. g3 Ne5 23. Bxe5 Rxe5 24. Kg2 Qc6+ 25. f3 b5 26. Bb3 Rde8 27. Rad1 Re2+ 28. Qxe2 Rxe2+ 29. Kh3 Qxf3 30. Rhf1 Qh5#
0-1

[Event "3 for a win 1 for a draw"]
[Site "SchemingMind.com"]
[Date "2017.08.06"]
[Round "-"]
[White "Simon Green"]
[Black "Mitch The Man"]
[Result "1-0"]
[WhiteCountry "ENG"]
[BlackCountry "USA"]
[WhiteElo "1614"]
[WhiteRD "57"]
[BlackElo "1376"]
[BlackRD "62"]
[GameID "417071"]

1. d4 e6 2. e3 d5 3. Bd3 Be7 4. f4 Bh4+ 5. g3 Bf6 6. Nf3 Ne7 7. O-O O-O 8. Nbd2 a6 9. b3 b5 10. Ba3 Re8
11. Bxe7 Qxe7 12. Ne5 Bxe5 13. fxe5 Bb7 14. Qg4 Kh8 15. Nf3 Rg8 16. Bxh7 Rf8 17. Qh5
1-0

[Event "3 for a win 1 for a draw"]
[Site "SchemingMind.com"]
[Date "2017.08.08"]
[Round "-"]
[White "Kenny Elliott"]
[Black "Simon Green"]
[Result "0-1"]
[WhiteCountry "USA"]
[BlackCountry "ENG"]
[WhiteElo "1595"]
[WhiteRD "72"]
[BlackElo "1571"]
[BlackRD "55"]
[GameID "417072"]

1. d4 e6 2. e4 d5 3. exd5 exd5 4. c4 Nf6 5. Nc3 Bb4 6. Bd2 O-O 7. Qb3 Re8+ 8. Nge2 Bxc3 9. Bxc3 dxc4 10. Qxc4 Be6
11. Qb4 b6 12. O-O-O Nd5 13. Qb5 a6 14. Qd3 Nc6 15. g3 g6 16. Bg2 Nce7 17. Kb1 Bf5 18. Be4 Bxe4 19. Qxe4 Nc6 20. Qf3 Nxc3+
21. bxc3 Qe7 22. Nf4 Qd7 23. Rd3 Qf5 24. Rd1 Ne7 25. Ka1 a5 26. Qb7 Qc8 27. Qxc8 Nxc8 28. Nd5 Ra7 29. Nf6+ Kf8 30. Nxe8 Kxe8
31. Re3+ Ne7 32. Rde1 c6 33. a4 f5 34. Re6 Rc7 35. c4 Kf7 36. c5 bxc5 37. dxc5 Nd5 38. Re8 Nb4 39. R8e2 Kf6 40. f3 Rd7
41. Kb1 Rd3 42. Re6+ Kg5 43. f4+ Kg4 44. R6e3 Rd4 45. Re7 Nd3 46. h3+ Kxg3 47. R1e3+ Kf2 48. Re2+ Kg3 49. R7e3+ Kxf4 50. Rxd3 Rxd3
51. Re6 Rc3 52. Rxc6 Kg3 53. Rc8 f4 54. Kb2 Rc4 55. Kb3 Rb4+ 56. Kc3 f3 57. c6 f2 58. Rf8 Rb1 59. Kd4 f1=Q 60. Rxf1 Rxf1
61. Kd5 Rc1 62. Kd6 Kxh3 63. c7 g5 64. Kd7 g4 65. c8=Q Rxc8
0-1

[Event "3 for a win 1 for a draw"]
[Site "SchemingMind.com"]
[Date "2017.08.06"]
[Round "-"]
[White "grabapawn"]
[Black "Simon Green"]
[Result "0-1"]
[WhiteCountry "USA"]
[BlackCountry "ENG"]
[WhiteElo "1621"]
[WhiteRD "55"]
[BlackElo "1614"]
[BlackRD "57"]
[GameID "417073"]

1. e4 e6 2. d4 d5 3. Nc3 Nf6 4. Bg5 Be7 5. Bd3 b6 6. Nf3 Nbd7 7. e5 Ng4 8. Bxe7 Qxe7 9. h3 Nh6 10. O-O f5
11. Nb5 Nf8 12. Qd2 a6 13. Nc3 Nd7 14. a4 c5 15. dxc5 Nxc5 16. Be2 O-O 17. b4 Nd7 18. Nd4 Nxe5 19. g3 Bd7 20. f4 Nc4
21. Bxc4 dxc4 22. Rae1 Qxb4 23. Nxe6 Bxe6 24. Rxe6 Qc5+ 25. Kg2 Rad8 26. Qe2 Nf7 27. Rd1 Rxd1 28. Qxd1 Rd8 29. Qe2 Nd6 30. h4 b5
31. axb5 axb5 32. Re5 Qc6+ 33. Kh2 b4 34. Nb1 b3 35. cxb3 cxb3 36. Re3 Qc2 37. Na3 Qxe2+ 38. Rxe2 Ne4 39. Nc4 h5 40. Rb2 Rd3
41. Kg2 Rxg3+ 42. Kf1 Rf3+ 43. Ke2 Rxf4 44. Rxb3 Rxh4 45. Rb8+ Kf7 46. Ne5+ Kf6 47. Nd7+ Kg5 48. Ne5 Rh2+ 49. Ke3 Rh3+ 50. Kd4 Kf4
51. Ng6+ Kg5 52. Ne5 Nf6 53. Nf7+ Kf4 54. Rb4 Kg3 55. Rb3+ Kg2 56. Rb2+ Kg3 57. Rb3+ Kg4 58. Rxh3 Kxh3 59. Ke3 Kg3 60. Nd6 h4
61. Nxf5+ Kh3 62. Kf3 g5 63. Nh6 g4+ 64. Kf2 Kh2
0-1

[Event "3 for a win 1 for a draw"]
[Site "SchemingMind.com"]
[Date "2017.08.06"]
[Round "-"]
[White "Simon Green"]
[Black "cnile"]
[Result "1-0"]
[WhiteCountry "ENG"]
[BlackCountry "SCO"]
[WhiteElo "1614"]
[WhiteRD "57"]
[BlackElo "1475"]
[BlackRD "68"]
[GameID "417074"]

1. d4 d5 2. e3 Bf5 3. f4 h6 4. Nf3 Nf6 5. Bd3 Bxd3 6. Qxd3 e6 7. Nbd2 Bd6 8. O-O Nbd7 9. Ne5 O-O 10. Ndf3 c5
11. c3 cxd4 12. exd4 Re8 13. Bd2 Nb6 14. b3 Rc8 15. f5 a5 16. Rac1 Ne4 17. fxe6 a4 18. exf7+ Kh8 19. fxe8=Q+ Qxe8 20. c4 Nxd2
21. Qxd2 axb3 22. c5
1-0

[Event "3 for a win 1 for a draw"]
[Site "SchemingMind.com"]
[Date "2017.08.06"]
[Round "-"]
[White "ray winteringham"]
[Black "Simon Green"]
[Result "0-1"]
[WhiteCountry "ENG"]
[BlackCountry "ENG"]
[WhiteElo "1468"]
[WhiteRD "51"]
[BlackElo "1614"]
[BlackRD "57"]
[GameID "417075"]

1. e4 e6 2. d4 d5 3. Nc3 Nf6 4. e5 Nfd7 5. Bd3 c5 6. Bb5 Nc6 7. Bxc6 bxc6 8. Bf4 cxd4 9. Qxd4 Qc7 10. Nf3 c5
11. Qd2 Ba6 12. O-O-O Qa5 13. a3 c4 14. Nd4 Bxa3 15. Nb1 c3 16. Qxc3 Bb4 17. Qg3 g6 18. Bh6 Rc8 19. Rhe1 Bxe1
0-1

[Event "3 for a win 1 for a draw"]
[Site "SchemingMind.com"]
[Date "2017.08.07"]
[Round "-"]
[White "Simon Green"]
[Black "Wojtek26"]
[Result "0-1"]
[WhiteCountry "ENG"]
[BlackCountry "POL"]
[WhiteElo "1614"]
[WhiteRD "57"]
[BlackElo "1596"]
[BlackRD "45"]
[GameID "417076"]

1. d4 d5 2. e3 Nf6 3. Bd3 e6 4. f4 Bb4+ 5. c3 Be7 6. Nf3 O-O 7. O-O c5 8. Nbd2 Nc6 9. Qe1 h6 10. Ne5 Nxe5
11. fxe5 Nd7 12. e4 c4 13. Bc2 f6 14. exf6 Bxf6 15. e5 Be7 16. Nf3 a6 17. Bxh6 gxh6 18. Qg3+ Bg5 19. Nxg5 Qxg5 20. Rxf8+ Nxf8
21. Qxg5+ hxg5 22. Rf1 Nh7 23. g4 Bd7 24. Bxh7+ Kxh7 25. h3 Kg7 26. Kg2 Rf8 27. Rxf8 Kxf8 28. Kg3 Kg7 29. h4 gxh4+ 30. Kxh4 Kg6
31. g5 Be8 32. Kg4 b5 33. a3 a5 34. Kh4 Kf5
0-1

[Event "3 for a win 1 for a draw"]
[Site "SchemingMind.com"]
[Date "2017.08.11"]
[Round "-"]
[White "Mitch The Man"]
[Black "aliwood"]
[Result "1-0"]
[WhiteCountry "USA"]
[BlackCountry "ENG"]
[WhiteElo "1363"]
[WhiteRD "63"]
[BlackElo "1253"]
[BlackRD "61"]
[GameID "417093"]

1. e4 e5 2. Nf3 Nc6 3. Bc4 Bc5 4. h3 Qe7 5. O-O Nf6 6. d3 O-O 7. c3 a6 8. b4 Ba7 9. Ng5 d5 10. exd5 Nd8
11. Ne4 b5 12. Nxf6+ Qxf6 13. Bb3 Bb7 14. Be3 Qd6 15. Bxa7 Rxa7 16. Qf3 Ne6 17. Re1 Nf4 18. Qe3 Nxd5 19. Qxa7 Qc6 20. Rxe5 Ne7
21. f3 Ng6 22. Rd5 Nf4 23. Rc5 Ne2+ 24. Kf2 Nf4 25. Rxc6 Bxc6 26. Qxc7 Nxd3+ 27. Kg3 Be8 28. Qe7 Nb2 29. Bc2 Nc4 30. Bb3 Nb6
31. Nd2 Nd7 32. Re1 Nf6 33. Re5 Bd7 34. Ne4 Be6 35. Bxe6 fxe6 36. Qxe6+ Rf7 37. Nxf6+ gxf6 38. Rd5 h6 39. Rd8+ Kg7 40. Qg4+ Kh7
41. Qg8#
1-0

[Event "3 for a win 1 for a draw"]
[Site "SchemingMind.com"]
[Date "2017.08.11"]
[Round "-"]
[White "aliwood"]
[Black "Kenny Elliott"]
[Result "0-1"]
[WhiteCountry "ENG"]
[BlackCountry "USA"]
[WhiteElo "1253"]
[WhiteRD "61"]
[BlackElo "1569"]
[BlackRD "69"]
[GameID "417094"]

1. Nf3 d5 2. c4 dxc4 3. Qa4+ Nc6 4. Qxc4 e5 5. e4 Bg4 6. Be2 Bxf3 7. Bxf3 Nd4 8. Bd1 Nf6 9. Nc3 Be7 10. Nd5 Nxd5
11. exd5 O-O 12. O-O Qd6 13. d3 Rac8 14. Be3 c5 15. a3 Rfd8 16. Bg4 f5 17. Bh3 a6 18. Rac1 b5 19. Bxf5 bxc4 20. Bxc8 Rxc8
21. Rxc4 Ne2+ 22. Kh1 Qxd5 23. Re1 Qxd3 24. Rg4 h6 25. h3 Rf8 26. Rf1 Qc2 27. b4 cxb4 28. axb4 Bxb4 29. Rxb4 Ng3+ 30. Kg1 Nxf1
0-1

[Event "3 for a win 1 for a draw"]
[Site "SchemingMind.com"]
[Date "2017.08.11"]
[Round "-"]
[White "aliwood"]
[Black "grabapawn"]
[Result "0-1"]
[WhiteCountry "ENG"]
[BlackCountry "USA"]
[WhiteElo "1253"]
[WhiteRD "61"]
[BlackElo "1572"]
[BlackRD "55"]
[GameID "417095"]

1. Nf3 c5 2. c4 Nc6 3. d4 cxd4 4. Nxd4 d6 5. Nxc6 bxc6 6. b3 e5 7. e4 Nf6 8. Bd3 Be7 9. O-O h6 10. Nd2 g5
11. Be2 h5 12. c5 g4 13. g3 h4 14. Nc4 Nxe4 15. Bb2 Qc7 16. Bd3 Bf5 17. Bxe4 Bxe4 18. Qxg4 f5 19. Qe2 O-O-O 20. Rad1 hxg3
21. cxd6 Rxh2 22. Bxe5 Rh1#
0-1

[Event "3 for a win 1 for a draw"]
[Site "SchemingMind.com"]
[Date "2017.08.11"]
[Round "-"]
[White "cnile"]
[Black "aliwood"]
[Result "1-0"]
[WhiteCountry "SCO"]
[BlackCountry "ENG"]
[WhiteElo "1491"]
[WhiteRD "67"]
[BlackElo "1242"]
[BlackRD "59"]
[GameID "417096"]

1. d4 d5 2. c4 e6 3. Nc3 Nf6 4. Bg5 Be7 5. e3 O-O 6. Bxf6 Bxf6 7. cxd5 exd5 8. Bd3 Nc6 9. a3 Ne7 10. Nge2 Bf5
11. Bxf5 Nxf5 12. O-O c6 13. Qd2 Qc7 14. Rac1 Qd6 15. Qd3 Ne7 16. b4 b5 17. Rfe1 Rac8 18. f3 Ng6 19. e4 Qb8 20. e5 Be7
21. Ng3 Nf4 22. Qc2 Qb6 23. Rcd1 a6 24. Nf5 Bg5 25. Nd6 Rcd8 26. Nf5 Rd7 27. Nd6 Ne6 28. Kh1 g6 29. Rf1 f6 30. a4 Nxd4
31. Qd3 Ne6 32. axb5 axb5 33. Ndxb5 cxb5 34. exf6 Bxf6 35. Rfe1 d4 36. Ne4 Be7 37. Rb1 Nf4 38. Qb3+ Kg7 39. Nc5 Bxc5 40. bxc5 Qxc5
41. Qxb5 Qb4 42. Qxd7+ Rf7 43. Qxf7+ Kxf7 44. Rxb4 Nd3 45. Rb7+ Kf6 46. Rd1 Nf2+ 47. Kg1 Nxd1 48. Rxh7 d3 49. Rd7 Nb2 50. Kf1 Ke6
51. Rd4 Ke5 52. Rd8
1-0

[Event "3 for a win 1 for a draw"]
[Site "SchemingMind.com"]
[Date "2017.08.08"]
[Round "-"]
[White "aliwood"]
[Black "ray winteringham"]
[Result "0-1"]
[WhiteCountry "ENG"]
[BlackCountry "ENG"]
[WhiteElo "1253"]
[WhiteRD "61"]
[BlackElo "1535"]
[BlackRD "53"]
[GameID "417097"]

1. Nf3 d5 2. c4 d4 3. e3 dxe3 4. fxe3 Nf6 5. Be2 e6 6. O-O Be7 7. d4 c6 8. c5 O-O 9. Nc3 Bd7 10. Bd3 b5
11. Ne4 h6 12. Nxf6+ Bxf6 13. Qc2 g6 14. Ne5 Kg7 15. Nxd7 Qxd7 16. Bd2 Kg8 17. Rxf6 Qe7 18. Raf1 Nd7 19. R6f2 f5 20. e4 Rf6
21. e5 Rf7 22. Bxh6 Rh7 23. Qd2 Kf7 24. Bg5 Qf8 25. Bxf5 gxf5 26. Bh6 Qxh6 27. Qf4 Rah8 28. h3 Nf8 29. Qf3 Ng6 30. Qxc6 Ne7
31. Qd7 Qe3 32. Kh1 Qe4 33. b3 Rxh3+ 34. Kg1 Rh1#
0-1

[Event "3 for a win 1 for a draw"]
[Site "SchemingMind.com"]
[Date "2017.08.11"]
[Round "-"]
[White "Simon Green"]
[Black "aliwood"]
[Result "1-0"]
[WhiteCountry "ENG"]
[BlackCountry "ENG"]
[WhiteElo "1548"]
[WhiteRD "59"]
[BlackElo "1253"]
[BlackRD "61"]
[GameID "417098"]

1. d4 d5 2. e3 Nf6 3. f4 e6 4. Nf3 Be7 5. Bd3 O-O 6. O-O c5 7. c3 c4 8. Bc2 Nc6 9. Nbd2 Bd7 10. Ne5 Nxe5
11. fxe5 Ne4 12. Nxe4 dxe4 13. Bxe4 Bc6 14. Bxc6 bxc6 15. e4 c5 16. Qg4 cxd4 17. Bh6
1-0

[Event "3 for a win 1 for a draw"]
[Site "SchemingMind.com"]
[Date "2017.08.11"]
[Round "-"]
[White "Phillip Beckett"]
[Black "aliwood"]
[Result "1-0"]
[WhiteCountry "ENG"]
[BlackCountry "ENG"]
[WhiteElo "1600"]
[WhiteRD "58"]
[BlackElo "1253"]
[BlackRD "61"]
[GameID "417099"]

1. e4 e5 2. Nf3 d6 3. d4 Nc6 4. dxe5 Be7 5. exd6 cxd6 6. Nc3 Nf6 7. Bg5 Ne5 8. Nxe5 dxe5 9. Qxd8+ Bxd8 10. O-O-O O-O
11. Bd3 Ng4 12. Bxd8 Nxf2 13. Bh4 Nxd1 14. Rxd1 Bg4 15. Be2 Bxe2 16. Nxe2 f6 17. Bf2 a6 18. Nc3 h5 19. Nd5 Rf7 20. Nb6 Raf8
21. Nd5 b5 22. Bc5 Rc8 23. Ba3 a5 24. Ne7+
1-0

[Event "3 for a win 1 for a draw"]
[Site "SchemingMind.com"]
[Date "2017.08.11"]
[Round "-"]
[White "aliwood"]
[Black "kenneth m day"]
[Result "0-1"]
[WhiteCountry "ENG"]
[BlackCountry "USA"]
[WhiteElo "1253"]
[WhiteRD "61"]
[BlackElo "1690"]
[BlackRD "62"]
[GameID "417100"]

1. Nf3 d5 2. d4 Nf6 3. e3 Bg4 4. Be2 e6 5. Ne5 Bxe2 6. Qxe2 Nbd7 7. O-O Be7 8. c4 O-O 9. c5 Nxe5 10. Nc3 Nc6
11. a3 b6 12. b4 bxc5 13. bxc5 e5 14. Rb1 exd4 15. exd4 Re8 16. Be3 Qd7 17. Nb5 a6 18. Nc3 Qf5 19. h3 Bd8 20. Rfd1 Na5
21. Qf1 Nc4 22. Bc1 c6 23. Na2 Ba5 24. Nb4 Qxb1
0-1

[Event "3 for a win 1 for a draw"]
[Site "SchemingMind.com"]
[Date "2017.08.11"]
[Round "-"]
[White "Wojtek26"]
[Black "aliwood"]
[Result "1-0"]
[WhiteCountry "POL"]
[BlackCountry "ENG"]
[WhiteElo "1515"]
[WhiteRD "52"]
[BlackElo "1253"]
[BlackRD "61"]
[GameID "417101"]

1. d4 d5 2. c4 dxc4 3. e3 e5 4. Bxc4 Be6 5. Bxe6 fxe6 6. Nf3 Nd7 7. dxe5 Bb4+ 8. Bd2 Bxd2+ 9. Nbxd2 Qe7 10. O-O O-O-O
11. Qb3 Nb6 12. Ne4 Nh6 13. Nd4 Nf5 14. Nxf5 Qf7 15. Nfg3 Qg6 16. Rac1 Nd5 17. Qc4 Rd7 18. Nc5 Re7 19. Nge4 Rf8 20. Qb5 b6
21. Na6 Qxe4 22. Qc6 h5 23. Qa8+ Kd7 24. Qxf8 c5 25. Rfd1 h4 26. Rxd5+ exd5 27. Nb8+ Ke6 28. Nc6 Rb7 29. Qe8+ Re7 30. Qxe7+ Kf5
31. Qf7+ Kg5 32. Qxg7+ Qg6 33. f4+ Kh5 34. Qxg6+ Kxg6 35. e6 Kg7 36. e7 Kf7 37. f5 a5 38. g4
1-0

[Event "3 for a win 1 for a draw"]
[Site "SchemingMind.com"]
[Date "2017.08.09"]
[Round "-"]
[White "Chessibelle"]
[Black "Phillip Beckett"]
[Result "0-1"]
[WhiteCountry "ENG"]
[BlackCountry "ENG"]
[WhiteElo "1223"]
[WhiteRD "67"]
[BlackElo "1571"]
[BlackRD "56"]
[GameID "417182"]

1. e4 e5 2. Nf3 Nc6 3. Nc3 Nf6 4. d3 Be7 5. Be2 d6 6. Bd2 h6 7. O-O O-O 8. a3 Nd4 9. b4 Nxe2+ 10. Nxe2 Nh7
11. c3 f5 12. d4 fxe4 13. Ne1 exd4 14. Nf4 e3 15. fxe3 dxe3 16. Bxe3 c6 17. Nf3 d5 18. Qd4 Bf6 19. Ne5 Bxe5 20. Qxe5 Rf5
21. Qd4 Ng5 22. Rfe1 Qf6 23. Qd3 Rxf4 24. Bd2 Rf5 25. Re8+ Kh7 26. g4 Ne4 27. Be3 Rf3 28. b5 Qh4 29. Kh1 Qxg4 30. Rg1 Qh3
31. Qe2 Ng3+ 32. Rxg3 Rxg3 33. Bf2 Qg2#
0-1

[Event "3 for a win 1 for a draw"]
[Site "SchemingMind.com"]
[Date "2017.08.09"]
[Round "-"]
[White "Chessibelle"]
[Black "Mitch The Man"]
[Result "0-1"]
[WhiteCountry "ENG"]
[BlackCountry "USA"]
[WhiteElo "1174"]
[WhiteRD "62"]
[BlackElo "1367"]
[BlackRD "61"]
[GameID "417183"]

1. e4 e5 2. Nf3 d6 3. Nc3 c6 4. b3 Be7 5. d4 Qc7 6. Be2 Bf6 7. O-O Ne7 8. Qd2 O-O 9. Bb2 b5 10. a4 b4
11. Nd1 Ba6 12. Re1 Bxe2 13. Rxe2 a5 14. c3 bxc3 15. Nxc3 Ng6 16. h3 Rd8 17. g3 Qc8 18. Qe3 Qxh3 19. Nh2 Nd7 20. Qd3 Nf4
21. Qf3 Nxe2+ 22. Nxe2 Bg5 23. Qc3 Rdc8 24. b4 exd4 25. Qxd4 Bf6 26. Qd2 Bxb2 27. Ra2 Be5 28. f3 axb4 29. Qg5 Bf6 30. Qe3 c5
31. Kh1 Ne5 32. f4 Ng4 33. Qg1 Nxh2 34. Qxh2 Qf1+ 35. Ng1 Bd4 36. Re2 Bxg1 37. Qg2 Qxg2+ 38. Rxg2 Bd4 39. Kh2 Rxa4 40. Kh3 b3
41. Rd2 b2 42. Rd1 Ra1
0-1

[Event "3 for a win 1 for a draw"]
[Site "SchemingMind.com"]
[Date "2017.08.09"]
[Round "-"]
[White "aliwood"]
[Black "Chessibelle"]
[Result "1-0"]
[WhiteCountry "ENG"]
[BlackCountry "ENG"]
[WhiteElo "1253"]
[WhiteRD "61"]
[BlackElo "1098"]
[BlackRD "60"]
[GameID "417184"]

1. Nf3 d5 2. c4 Nf6 3. d4 g6 4. e3 e6 5. cxd5 Nxd5 6. Be2 Bb4+ 7. Bd2 Bd6 8. Nc3 O-O 9. Nxd5 c6 10. Bb4 exd5
11. Bxd6 Qxd6 12. O-O Nd7 13. Rc1 f5 14. Qd2 b5 15. b4 Nf6 16. g3 Ne4 17. Qb2 h6 18. Ne5 Bb7 19. a3 a6 20. f3 Ng5
21. f4 Nf7 22. Nxf7 Rxf7 23. Bf3 Qe7 24. Rce1 h5 25. Bxd5 cxd5 26. Qc3 Rc8 27. Qd2 Kg7 28. Rf2 g5 29. fxg5 Qxg5 30. Ref1 Rcf8
31. e4 f4 32. e5 h4 33. e6 Re7 34. Rxf4 hxg3 35. Rf7+ Kh6 36. Qxg5+ Kxg5 37. Rxe7 gxh2+ 38. Kg2 Rh8 39. Rg7+ Kh6 40. Rxb7 Kh5
41. Kxh2 Rg8 42. e7 Kh4 43. Rf4+ Kg5 44. Rf8 Rg6 45. e8=Q Rh6+ 46. Kg3 Rh4 47. Qe5+
1-0

[Event "3 for a win 1 for a draw"]
[Site "SchemingMind.com"]
[Date "2017.08.09"]
[Round "-"]
[White "Kenny Elliott"]
[Black "Chessibelle"]
[Result "1-0"]
[WhiteCountry "USA"]
[BlackCountry "ENG"]
[WhiteElo "1595"]
[WhiteRD "72"]
[BlackElo "1174"]
[BlackRD "62"]
[GameID "417185"]

1. d4 d5 2. c4 Nf6 3. Nc3 e6 4. Bg5 Be7 5. Nf3 O-O 6. g3 a6 7. Bg2 Qd6 8. c5 Qc6 9. Ne5 Qe8 10. O-O Qd8
11. b4 b6 12. a4 Bb7 13. b5 h6 14. Bf4 Ng4 15. Nxg4 Nd7 16. c6 Bc8 17. cxd7 Qxd7 18. Ne5 Qe8 19. Nc6 g5 20. Bxc7 Bf6
21. Bxb6 Bb7 22. Bc5 Be7 23. Nxe7+ Kh8 24. Ng6+ fxg6 25. Bxf8 Qxf8 26. Qd3 Kg7 27. f4 Qd8 28. fxg5 Qxg5 29. Qf3 Qe7 30. e4 Rd8
31. exd5 Kg8 32. Qg4 g5 33. Rae1 Qb4 34. Qxe6+ Kh7 35. Be4+ Kg7 36. Qg6+ Kh8 37. Qh7#
1-0

[Event "3 for a win 1 for a draw"]
[Site "SchemingMind.com"]
[Date "2017.08.09"]
[Round "-"]
[White "grabapawn"]
[Black "Chessibelle"]
[Result "1-0"]
[WhiteCountry "USA"]
[BlackCountry "ENG"]
[WhiteElo "1621"]
[WhiteRD "55"]
[BlackElo "1223"]
[BlackRD "67"]
[GameID "417186"]

1. e4 e5 2. d4 f6 3. Bc4 g6 4. Nf3 d6 5. Nc3 Ne7 6. dxe5 Bg7 7. exf6 Bxf6 8. e5 Bg7 9. Ng5 Kf8 10. e6 Nbc6
11. Qf3+ Nf5 12. Be3 Ne5 13. Qf4 c6 14. g4 h6 15. Nf7 Nxf7 16. gxf5 g5 17. Qf3 Ne5 18. Qe4 a6 19. O-O-O Ke7 20. f4 Ng4
21. fxg5 Ne5 22. f6+ Kf8 23. e7+ Qxe7 24. fxe7+ Kxe7 25. gxh6 Bf6 26. Ne2 Bd7 27. Nf4 b5 28. Ng6+ Kd8 29. Nxh8 Bxh8 30. Bg5+ Kc7
31. Bb3 Re8 32. Qd4 Kc8 33. Qa7 Nf3 34. Rxd6 Nxg5 35. Rxd7 Ne6 36. Qb7#
1-0

[Event "3 for a win 1 for a draw"]
[Site "SchemingMind.com"]
[Date "2017.08.09"]
[Round "-"]
[White "Chessibelle"]
[Black "cnile"]
[Result "0-1"]
[WhiteCountry "ENG"]
[BlackCountry "SCO"]
[WhiteElo "1223"]
[WhiteRD "67"]
[BlackElo "1475"]
[BlackRD "68"]
[GameID "417187"]

1. e4 e5 2. Nc3 Nc6 3. d3 Bc5 4. g3 Qf6 5. Nf3 Nge7 6. Bg2 d6 7. Nb5 Bb6 8. c4 Bg4 9. Bg5 Qg6 10. O-O Bxf3
11. Qxf3 Qxg5 12. h4 Qg6 13. a3 a6 14. Nc3 O-O 15. b4 Nd4 16. Qd1 c6 17. f3 Qxg3 18. Kh1 Qxh4+ 19. Kg1 Nxf3#
0-1

[Event "3 for a win 1 for a draw"]
[Site "SchemingMind.com"]
[Date "2017.08.09"]
[Round "-"]
[White "Chessibelle"]
[Black "kenneth m day"]
[Result "0-1"]
[WhiteCountry "ENG"]
[BlackCountry "USA"]
[WhiteElo "1174"]
[WhiteRD "62"]
[BlackElo "1703"]
[BlackRD "62"]
[GameID "417188"]

1. e4 e5 2. Nf3 Nc6 3. d3 Nf6 4. Nc3 Bc5 5. d4 Bxd4 6. Qd2 d6 7. Qg5 O-O 8. Qg3 Bxc3+ 9. bxc3 Nxe4 10. Qh4 Qxh4
11. Nxh4 Nxc3 12. Bd2 Ne4 13. Be3 f5 14. Be2 Nc3 15. Bc4+ d5 16. Bb3 Be6 17. O-O Ne4 18. f3 Nf6 19. Rad1 Rad8 20. g4 fxg4
21. c4 dxc4 22. Bc2 gxf3 23. Nxf3 Ng4 24. Rd2 Nxe3 25. Rff2 Rxd2 26. Ba4 Rxf2 27. Kxf2 Ng4+ 28. Kg3 Nd4 29. Ng5 Rf3+ 30. Nxf3 Nxf3
31. Kxf3 a6 32. Kg3 Kf7 33. Bc2 g6 34. h3 Ne3 35. Be4 c6
0-1

[Event "3 for a win 1 for a draw"]
[Site "SchemingMind.com"]
[Date "2017.08.09"]
[Round "-"]
[White "ray winteringham"]
[Black "Chessibelle"]
[Result "0-1"]
[WhiteCountry "ENG"]
[BlackCountry "ENG"]
[WhiteElo "1468"]
[WhiteRD "51"]
[BlackElo "1223"]
[BlackRD "67"]
[GameID "417189"]

1. e4 e5 2. Nf3 Nc6 3. Nc3 Nf6 4. h3 g6 5. d3 Bg7 6. Be3 O-O 7. Be2 d6 8. Qd2 a6 9. O-O Be6 10. d4 Re8
11. Bh6 Nh5 12. Ng5 Bxh6 13. Nxe6 Qh4 14. Qxh6 Rxe6 15. Qd2 Qf6 16. d5 Re7 17. dxc6 bxc6 18. Qh6 Ng7 19. b4 Kf8 20. Qxh7 Ne6
21. Qh6+ Ke8 22. Qc1 Kd7 23. f3 Nf4 24. a4 Qg5 25. g4 Qh4 26. Qe1 Qxh3 27. Qf2 Rh8 28. Qh4 Qg2#
0-1

[Event "3 for a win 1 for a draw"]
[Site "SchemingMind.com"]
[Date "2017.08.09"]
[Round "-"]
[White "Chessibelle"]
[Black "Simon Green"]
[Result "0-1"]
[WhiteCountry "ENG"]
[BlackCountry "ENG"]
[WhiteElo "1174"]
[WhiteRD "62"]
[BlackElo "1571"]
[BlackRD "55"]
[GameID "417190"]

1. e4 e6 2. d3 d5 3. f3 Nf6 4. h3 c5 5. Bd2 d4 6. c3 e5 7. Na3 Be7 8. Ne2 Nc6 9. g4 O-O 10. Bg2 a6
11. Nc4 Nd7 12. O-O b5 13. Ng3 bxc4 14. dxc4 Nb6 15. b3 g6 16. f4 exf4 17. Bxf4 dxc3 18. Qc1 Bh4 19. Qxc3 Bxg3 20. Bxg3 Be6
21. Be1 Qe7 22. Qe3 Ne5 23. Bg3 f6 24. a3 Rad8 25. Rac1 Rd3 26. Qe1 Rxb3 27. Bf4 Bxc4 28. Rf2 Nd3 29. Qd1 Nxf2 30. Kxf2 Rb2+
31. Ke1 Re2+ 32. Kf1 Rd2+ 33. Ke1 Rxd1+ 34. Rxd1 f5 35. Kf2 fxe4 36. Kg3 g5 37. Be3 Qe5+ 38. Bf4 Qxf4#
0-1